| 000 | 01702nam a22002657a 4500 | ||
|---|---|---|---|
| 999 |
_c22133 _d22133 |
||
| 003 | AR-CdUCM | ||
| 008 | 190605b ||||| |||| 00| 0 spa d | ||
| 040 |
_aMUNICIPALIDAD PROVINCIAL DEL CUSCO _cBIBLIOTECA MUNICIPAL DEL CUSCO |
||
| 082 | _aYachay/N°1/2007 | ||
| 110 |
_aUniversidad Andina del Cusco _9768 |
||
| 245 |
_aYachay : _crevista científica de la Universidad Andina del Cusco / |
||
| 260 |
_aCusco. _bCanta, _c2007. |
||
| 300 |
_a184 páginas ; _c30 cm. |
||
| 440 |
_aYachay. _nVolumen N°1, año 1, 2007. _947510 |
||
| 505 | _aContenido: Revisión sobre algunas modificaciones en la Taxonomía del género salmonella. Angélica Anchari Morales. -- Efecto antibacteriano in vitro de tres irrigantes endodónticos en solución y gel contra el fusiobacterium. -- La neuro educación una realidad en las facultades de Educación en los países desarrollados. -- Afrontamiento en mujeres con cáncer de mama del Hospital de Essalud Cusco. Santiago Monge. -- Pornografía infantil un problema de derechos humanos. Silvia Aguirre Abarca. -- Delincuencia y senectud. Julio Alberto Holgado. -- Influencia cultural en el Desarrollo del Niño peruano. Ramón Torres. -- Yanantin y Masintin la cosmovisión andina. Daisy Núñez del Prado Béjar. -- Perfiles del teatro cusqueño. Guido Guevara Ugarte. -- Salud Mental. Ramón Silva. ... | ||
| 650 |
_aBiología _9881 |
||
| 650 |
_aSalud _98684 |
||
| 650 |
_aEducación _9460 |
||
| 650 |
_aDerecho _9739 |
||
| 700 |
_aAnchari Morales, Angélica _947511 |
||
| 700 |
_aNúñez del Prado Béjar, Daisy _947512 |
||
| 856 |
_uhttps://revistas.uandina.edu.pe/index.php/Yachay/article/view/358/188 _zLeer en digital |
||
| 942 |
_2ddc _cPP |
||
| 945 | _avhl | ||